Augustin Fuhrmann und Theodor von Tschesch

Titel: Augustin Fuhrmann und Theodor von Tschesch / Winfried Zeller
Verfasser:
Veröffentlicht: Marburg, 1971
Umfang: S. 117 - 153
Format: Buch
Sprache: Deutsch
Kein Bild verfügbar
X
Lokale Klassifikation: 2 F 283 ; 2 T 257 ; 14 11 G
alg: 10867446
001A    $03004:12-12-02 
001B    $01999:21-05-23 $t00:30:41.000 
001C    $03004:21-02-11 $t15:09:46.000 
001D    $03004:12-12-02 
001U    $0utf8 
001X    $00 
002@    $0Aay 
003@    $0108674460 
003O    $0174753456 $aOCoLC 
007A    $0108674460 $aHEB 
007T    $0Herdhh108674460 
010@    $ager 
011@    $a1971 
013H    $0z 
021A    $aAugustin Fuhrmann und Theodor von Tschesch $hWinfried Zeller 
028A    $7118636405 $8Zeller, Winfried$Z1911-1982 [Tp1] $9086977342 
033A    $pMarburg 
034D    $aS. 117 - 153 
045F    $a200.94385 $eDDC23BSB 
045F/01 $a200.9 
045F/03 $g4385 
045F/03 $g4371 
046R    $aAus: Winfried Zeller, Theologie und Frömmigkeit 

lok: 10867446 24
101B    $021-02-11 $t16:39:33.000 
101C    $012-12-02 
101U    $0utf8 
145Z/01 $a2 F 283 
145Z/02 $a2 T 257 
145Z/03 $a14 11 G 

exp: 10867446 24 1 #EPN
201B/01 $009-05-12 $t17:43:28.000 
201C/01 $012-12-02 
201U/01 $0utf8 
203@/01 $017881265X 
208@/01 $a21-02-11 $br 
209A/01 $aS 1080 $du $f050 $hS 1080 $x00 
209C/01 $a3200 G 71 $h71 3200 G 
209G/01 $a71645088 $x00 
244Z/01 $#Fuhrman, Augustin $#Fuhrmann, August $#Fuhrmanus, Augustinus $#Fuhrmannus, Augustinus $#A. F. $#Trabuthius, Theophilus $#T. T. $#Fuhrmann, Augustinus $#Furmann, Augustinus $7129112658 $8--Tp1--Fuhrmann, Augustin$Z1591-1644 $x01 $9159495466 
247C/01 $8358050-7 Marburg, Bibliothek des Herder-Instituts Marburg $9102600961 

lok: 10867446 78

exp: 10867446 78 1 #EPN
201B/01 $027-08-18 $t22:46:22.000 
201U/01 $0utf8 
203@/01 $0793436567 
208@/01 $a12-11-16 $be 
209A/01 $a/ $f000 $x00 
220C/01 $aAnmerkung: *NG 
237A/01 $aweiterführende Signatur(en): Herder-Institut: S 1080 
244Z/01 $#Tschechien $#Tschechische Republik $#Tschechische Republik $#Tschechenland $#Tschechei Tschechien $#Česká Republika $#Czech Republic $#ČR $74303381-7 $8--Tg1--Tschechien $x01 $9086659812 
244Z/01 $2Trx $#Böhmen $#Bohemia $#Czechy $8--Trx--Čechy $x02 $9391188941 
244Z/01 $2Trx $#Silesia $#Śląsk $#Sliezsko $#Slezsko $8--Trx--Schlesien $x03 $9391173987 
244Z/01 $2Trx $8--Trx--Fuhrmann, Augustin$Z1591-1644 $x04 $9390888281 
244Z/01 $#Tschesch, Johann Dietrich von $#Tchesch, Johann Theodor von $#Tchesch, Johann Teodorus von $#Tchesch, Johannes Teodorus von $#Tschesch, Johann Teodor von $#Tschesch, Johannes Theodor von $#Tchesch, Johannes Theodor von $#Tchesch, Johann Teodor von $#Tschesch, Johann Diedrich von $#Tsesch, Johan Theodor $#Tschesch, Hans Diedrich von $#Tscheschen, Johann Theodorus von $#Tschesch, Theodor von $#Tschesch, Hans Dietrich von $7104294728 $8--Tp1--Tschesch, Johann Theodor$cvon$Z1595-1649 $x05 $9139556281 
244Z/01 $2Trx $8--Trx--Einzelbeiträge $x06 $9391384570 
245Z/01 $a10.02.02.02 $x01 
247C/01 $82080>Marburg/Lahn, Herder-Institut, Forschungsbibliothek, Bibliographieportal $9336309341
LEADER 00000cam a22000002c 4500
001 108674460
003 DE-603
005 20230521003041.0
007 tu
008 021212s1971 xx |||| | u00||u|ger c
035 |a (DE-599)HEB108674460 
035 |a (OCoLC)174753456 
040 |a DE-603  |b ger  |c DE-603  |d DE-603 
041 |a ger 
082 0 4 |8 1\u  |a 200.94385  |q DE-101  |2 23/BSB 
085 |8 1\u  |b 200.9 
085 |8 1\u  |z 2  |s 4385 
085 |8 1\u  |z 2  |s 4371 
100 1 |a Zeller, Winfried  |d 1911-1982  |0 (DE-603)086977342  |0 (DE-588)118636405  |2 gnd 
245 0 0 |a Augustin Fuhrmann und Theodor von Tschesch  |c Winfried Zeller 
264 1 |a Marburg  |c 1971 
300 |a S. 117 - 153 
500 |a Aus: Winfried Zeller, Theologie und Frömmigkeit 
924 0 |9 Mb 50  |a (DE-603)17881265X  |b DE-Mb50  |c HES  |d c  |g S 1080 
924 0 |9 2080  |a (DE-603)793436567  |b DE-2080  |c HES  |d d  |g /